Statistics for Name a Valid Country - Borders

Click here to take the quiz!

General Stats

  • This quiz has been taken 171 times
    (141 since last reset)
  • The average score is 15 of 15

Answer Stats

Hint#Answer% Correct
Border Philippines by maritime7China | Indonesia | Japan | Malaysia | Palau | Taiwan | Vietnam.
100%
Borders India7China | Pakistan | Bhutan | Myanmar | Afghanistan | Nepal | Bangladesh.
100%
Borders Italy4France | Switzerland | Austria | Slovenia | San Marino | Vatican City
100%
Borders Chile3Peru | Bolivia | Argentina
100%
Borders Netherlands2Germany | Belgium
99%
Borders Egypt3Israel | Libya | Sudan
99%
Borders Kyrgyzstan4Kazakhstan | China | Tajikistan | Uzbekistan
99%
Borders Sweden to the west1Norway
99%
Borders Belarus5Poland | Lithuania | Latvia | Russia | Ukraine
99%
Borders Mongolia2Russia | China
99%
Borders Chad6Libya | Sudan | Central African Republic | Cameroon | Nigeria | Niger
98%
Borders South Africa5Namibia | Botswana | Zimbabwe | Eswatini | Lesotho
98%
Borders Kenya5South Sudan | Ethiopia | Somalia | Tanzania | Uganda
96%
Borders Panama2Costa Rica | Colombia
93%
Borders Guyana3Suriname | Brazil | Venezuela
93%

Score Distribution

Percentile by Number Answered

Percent of People with Each Score

Your Score History

You have not taken this quiz since the last reset